000 00514nam a2200193Ia 4500
005 20240823020706.0
008 240823s9999||||xx |||||||||||||| ||und||
041 _aENGLISH
082 _A629.13 P6
100 _a"Crane,Dale"
245 0 _a"Aircraft Oxygen Systems : Aviation,Technicial,Training Course"
250 _a1st
260 _c2006
_bThe English Book
_aNew Delhi
500 _aYES
650 _aAircraft
_bAeronautical Engineering
700 _a" Scheppler,Robert"
942 _cBK
999 _c175345
_d175345